Random Cognitive Neuroscience Vocabulary - Statistics

General Stats
  • This quiz has been taken 10 times
  • The average score is 3 of 20
Answer Stats
HINT ANSWER % Correct
A bias in decision making in which judgments are influenced by a number that serves as a reference point, or anchor, for further deliberations. anchoring heuristic
100%
Lack of awareness of one’s own disability. anosognosia
100%
A childhood disorder of unknown cause characterized by impulsiveness, short attention span, and continual activity. attention deficit hyperactivity disorder (ADHD)
100%
An area in the ventral posterior region of the left frontal lobe that helps mediate language expression; named after the nineteenth-century anatomist and neurologist Paul Broca. Broca’s area
100%
In adults, the inability to remember the early years of childhood childhood amnesia
100%
The modification of an innate reflex by associating its normaltriggering stimulus with an unrelated stimulus. The unrelated stimulus comes to trigger the original response by virtue of this repeated association. classical conditioning
100%
The extension of a neuron that receives synaptic input; usuallybranches near the cell body Dendrite
100%
The cognitive functions that allow flexible and goal-directed control of thought and behavior. executive function
100%
The gradual disappearance of a conditioned response that is no longer being rewarded. extinction
100%
A structurally and functionally discrete collection of neurons in the periphery. ganglion (pl. ganglia)
100%
Literally “island” in Latin. The portion of the cerebralcortex that is buried within the depths of the Sylvian fissure. insula
100%
The ability to represent the internal mental states of other individuals. mentalizing
100%
A negative ERP wave peaking at about 150 to 200 milliseconds following a deviant stimulus in a stream of otherwise identical stimuli (usually sound stimuli). mismatch negativity (MMN)
100%
A cell specialized for the conduction and transmission of electrical signals in the nervous system. neuron
100%
The division of the prefrontal cortex that lies above the orbits in the most rostral and ventral extension of the sagittal fissure; important in emotional processing and decision making. orbitofrontal cortex
100%
A method of noninvasive, hemodynamically based brain imaging that uses radio-actively labeled molecules injected into the bloodstream that are taken up to a greater degree by active neurons. positron emission tomography (PET)
100%
Remembering a past event, as well as specific associations and contextual details. recollection
100%
A heterogeneous psychiatric condition characterized by disordered thought, withdrawal symptoms, and inaccurate beliefs about reality. schizophrenia
100%
Pertaining to brain structures other than the cerebral cortex. subcortical
100%
A specialized point of contact between the axon of a neuron and a target cell. synapse
100%
In classical conditioning, the stimulus that naturally triggers the innate reflex. unconditioned stimulus (US)
100%
An experimental paradigm, developed by Antonio Damasio and colleagues at the University of Iowa, that tests subjects’ sensitivity to risk and reward; the test reveals that patients with damage to the inferior prefrontal cortex tend to make risk-seeking choices. Iowa Gambling task
50%
The physical measure of light intensity. luminance
50%
Glial cells with sheetlike processes that form the myelin sheath that insulates nerve axons. oligodendrocyte
50%
Originating in the early nineteenth century, the attempt to create maps of brain function based on the pattern of bumps and valleys on the surface of the skull. phrenology
50%
A symptom of brain damage, often to the frontal lobes, that manifests as flat affect, limited willpower, and reduced motivation. abulia
0%
A stage of child development in which children learn to react to novel entities by modifying their schemes of thought. accommodation
0%
A personality change, often following focal damage to the frontal lobes, in which a person’s behavior becomes sociopathic. acquired sociopathy
0%
In conditioning, the gradual learning of a conditioned response. acquisition
0%
The electrical signal conducted along neuronal axons by which information is conveyed from one place to another in the nervous system. action potential
0%
A framework for learning that posits two independent elements: a critic that learns rules mapping actions to rewards, and an actor that learns the optimal policy for selecting actions. actor-critic learning model
0%
The ability of a sensory system to accurately discriminate spatial detail; usually tested by the ability to spatially discriminate two points, as in the Snellen eye chart exam for vision. acuity
0%
The process by which organisms come to achieve a better fit to their environment, typically through the process of natural selection. adaptation
0%
The study of the neurobiological basis of emotions affective neuroscience
0%
An axon that conducts action potentials from the periphery to more central parts of the nervous system. afferent neuron
0%
A neuropharmacological agent that mimics the action of a neurotransmitter. agonist
0%
An action taken to harm another individual, at personal cost, in order to enforce a social norm altruistic punishment
0%
The tendency to prefer choice options whose outcome probabilities are known over options with unknown probabilities ambiguity aversion
0%
The pathological inability to remember or to establish memories. amnesia
0%
A collection of nuclei in the temporal lobe that forms part of the limbic system; its major functions concern autonomic, emotional, and sexual behavior. amygdala
0%
Reduced experience of positive affect; often accompanies depression. anhedonia
0%
A neuropharmacological agent that opposes or interferes with the action of a neurotransmitter. antagonist
0%
The portion of the midline frontal lobe comprising the anterior extent of the cingulate gyrus and adjacent cortex; its dorsal regions are associated with executive functions. anterior cingulate cortex
0%
A small midline fiber tract that lies at the anterior end of the corpus callosum; like the callosum, it connects the two hemispheres. anterior commissure
0%
The inability to lay down new memories. anterograde amnesia
0%
The challenge of determining the speed and direction of a moving line when its ends are obscured by an opening such as a circular hole or a vertical rectangle. aperture problem
0%
A language deficit that arises from damage to one of the cortical language areas, typically in the left hemisphere. aphasia
0%
The sensation of motion elicited by presentation of a stimulus in two successive positions over a brief interval. apparent motion
0%
A neural circuit or set of circuits providing a non-symbolic, fuzzy sense of the quantity of objects or events perceived, shared by human adults, preverbal infants, and animals. approximate number system (ANS)
0%
The inability to inflect speech with the usual emotional color that the right hemisphere typically contributes to language. aprosodia
0%
A global state of the brain (or the body) reflecting an overall level of responsiveness / The degree of intensity of an emotion. arousal
0%
A stage of child development in which young children deal with novel entities by encompassing them in their pre-existing thought schemes assimilation
0%
In long-term potentiation, the enhancement of a weakly activated group of synapses when a nearby group is strongly activated. associativity
0%
The marshalling of cognitive processing resources on a particular aspect of the external or internal environment, or on internal processes such as thoughts or memories. attention
0%
A cognitive phenomenon, typically observed in a rapidly presented stream of stimuli, in which the ability to successfully report a second target stimulus occurring within 150 to 450 milliseconds of a successfully reported first target in the stream is decreased. attentional blink
0%
A paradigm used in attention research in which two or more segregated series of stimuli are presented in parallel and subjects selectively attend to one of the series to perform a task. attentional stream paradigm
0%
brainstem response (ABR) See brainstem evoked response. auditory
0%
The first major negative ERP wave elicited by an auditory stimulus, arising mainly from secondary auditory cortex and peaking at about 100 milliseconds after the stimulus; can be strongly modulated by auditory spatial attention auditory N1
0%
The overall perception of the auditory environment at any point in time. auditory scene
0%
Human-like primate species that lived in the Plio-Pleistocene era (5 to 1.5 million years ago) which were bipedal and dentally similar to humans, but had a brain size not much larger than modern apes. Which of these species gave eventual rise to humans remains a topic of debate amongst anthropologists. australopithecines
0%
A childhood disorder of unknown cause, characterized by social disengagement that varies greatly in severity. autism spectrum disorder
0%
Memory of one’s personal experience. autobiographical memory
0%
Collections of autonomic motor neurons outside the central nervous system that innervate visceral smooth muscles, cardiac muscle, and glands. autonomic ganglia
0%
Also called visceral motor system .The very large component of the nervous system that is dedicated to proper functioning of the viscera. autonomic motor system
0%
A cognitive/perceptual state in which an individual both shows knowledge of an event or stimulus and can report the subjective experience of having that knowledge. awareness
0%
The extension of a neuron that carries the action potential from the nerve cell body to a target axon
0%
The initial portion of an axon, closest to the cell body; the point where action potentials are typically initiated. axon hillock
0%
A model, proposed that working memory consists of three memory buffers (the phonological loop, the visuospatial sketchpad, and the episodic buffer) that briefly maintain information, as well as a central executive that allocates attentional resources to the buffers. Baddeley model
0%
A neurological syndrome, caused by bilateral damage to the posterior parietal and lateral occipital cortex, that has three hallmark symptoms: (1) simultanagnosia, the inability to attend to and/or perceive more than one visual object at a time; (2) optic ataxia , the impaired ability to reach for or point to an object in space under visual guidance; and (3) oculomotor apraxia , difficulty voluntarily directing the eye gaze toward objects in the visual field with a saccade. Simultanagnosia is the sign most closely associated with the syndrome, and the one most studied from a cognitive neuroscience standpoint. Balint’s syndrome
0%
A complex of primarily cholinergic nuclei that lies between the hypothalamus in the diencephalon and the orbital cortex of the frontal lobes; concerned with alertness and memory, among other functions basal forebrain nuclei
0%
A group of nuclei lying deep in the subcortical white matter of the frontal lobes that organize motor behaviour. The caudate, putamen, and globus pallidus are major components of the basal ganglia; the subthalamic nucleus and substantia nigra are often included basal ganglia
0%
An emotion that is innate, pan-cultural, evolutionarily old, shared with other species, and expressed by a particular physiological pattern and facial configuration. basic emotion
0%
The membranous sheet in the cochlea of the inner ear that contains the receptor cells (hair cells) that initiate audition. basilar membrane
0%
A new social science discipline that combines elements of traditional economics and psychology to explain real-world decisions, including observed biases in choice. behavioral economics
0%
A change in synaptic efficacy similar to longterm potentiation (LTP) that follows an actual learning experience. behavioral LTP
0%
A perspective in cognitive psychology that holds that only directly observable behavior, and not internal mental states, can be studied scientifically. behaviorism
0%
a theory of attention that proposes that stimulus inputs compete in a mutually inhibitory fashion for neural processing priority and that a key role of attention is to bias the processing towards those items that are attended. Biased competition
0%
Pertaining to both eyes. binocular
0%
The bi-stable visual experience that occurs when the right and left eyes are presented with incompatible or conflicting images and visual perception alternates between the two images every few seconds. binocular rivalry
0%
The ability of people who are blind, usually because of damage to portions of their visual cortex, to identify the properties of simple visual stimuli when forced to guess. blindsight
0%
A measurement of brain activity using fMRI that is based on the local variations in deoxygenated hemoglobin that result from the changes in blood flow induced by neural activity. blood oxygenation level–dependent (BOLD) contrast
0%
The idea that biological limitations on cognitive processing prevent people from making decisions or from reasoning in a fully rational manner. bounded rationality
0%
A localized region of brain damage. brain lesion
0%
The portion of the brain that lies between the diencephalon and the spinal cord; comprises the midbrain, pons, and medulla. brainstem
0%
A series of small electrical brain waves that are elicited during the first 10 milliseconds after onset of a brief auditory stimulus and that can be detectedat the scalp. BERs reflect activity in the auditory brainstem nuclei as the sound stimulus information reaches them in sequence via the auditory afferent pathways brainstem evoked response (BER)
0%
Technically, the apparent intensity of a source of light; more generally, a sense of the effective overall intensity of a light stimulus. brightness
0%
The major sulcus on the medial aspect of the human occipital lobe; the primary visual cortex lies largely within this sulcus. calcarine sulcus
0%
A theory of emotion, developed in the 1920’s, emphasizing the role of the hypothalamus and related parallel processing routes for emotional expressionand emotional experience. Cannon-Bard theory
0%
One of the three major nuclei that make up the basal ganglia in the cerebral hemispheres; together with the putamen, serves as the input structure for the globus pallidus. caudate
0%
The basic biological unit of life, defined by a membrane or wall that encloses cytoplasm and, in eukaryote organisms (including all plants and animals), a nucleus. cell
0%
The portion of a neuron that houses the cell’s nucleus, and is from which the axons and dendrites typically extend from. cell body
0%
The brain and spinal cord of vertebrates. central nervous system (CNS)
0%
A major sulcus on the lateral aspect of the cerebral hemispheres that forms the boundary between the frontal and parietal lobes. central sulcus
0%
The superficial gray matter of the cerebral hemispheres. cerebellar cortex
0%
The prominent hindbrain structure that is concerned with motor coordination, posture, balance, and some cognitive processes; composed of a three-layered cortex and deep nuclei, and attached to the brainstem by the cerebellar peduncles. cerebellum
0%
Loss of color vision as a result of damage to the visual cortex. cerebral achromatopsia
0%
The portion of the ventricular system that connects the third and fourth ventricles. cerebral aqueduct
0%
The superficial gray matter of the cerebellum. cerebral cortex
0%
The two halves of the forebrain. cerebral hemispheres
0%
The major fiber bundles that connect the brainstem to the cerebral hemispheres. cerebral peduncles
0%
A normally clear and cell-free fluid that fills the ventricular system of the central nervous system; produced by the choroid plexus in the lateral ventricles. cerebrospinal fluid
0%
A synapse that uses a chemical transmitter agent; the most common type of synapse in the mammalian brain. chemical synapse
0%
Uncontrollable, dancelike (“choreiform”) writhing or twisting associated with damage to the basal ganglia, as occurs in disorders such as Huntington’s disease. choreiform movement
0%
Specialized epithelium in the ventricular system that produces cerebrospinal fluid. choroid plexus
0%
The gyrus that surrounds the corpus callosum. cingulate gyrus
0%
A sulcus on the medial aspect of the cerebral hemispheres defined by the cingulate gyrus. cingulate sulcus
0%
A ring of arteries at the base of the midbrain; connects the posterior and anterior cerebral circulation. circle of Willis
0%
A way to graphically represent the relationships among emotions by ordering them along the circumference of a circle formed by intersecting two orthogonal axes of valence and arousal at the circle’s center. circumplex model
0%
Two areas of the brain are said to be coactivated if they both show higher activity in a specific task. coactivation
0%
The portion of the inner ear specialized for transducing sound energy into neural signals. cochlea
0%
An attentional phenomenon in which an individual can selectively focus attention on one particular speaker while tuning out other simultaneously occurring conversations. cocktail party effect
0%
“Higher-order” mental processes. cognition
0%
The set of processes that allow humans and many other animals to perceive external stimuli, to extract key information and hold it in memory, and ultimately to generate thoughts and actions that help reach desired goals. cognitive functions
0%
A theory positing that the hippocampus mediates memory for spatial relations among objects in the environment. cognitive map theory
0%
A explanatory framework that invokes unobserved internal states to predict how stimuli lead to actions. cognitive model
0%
A scientific discipline that seeks to create models that explain the interrelations between brain function and cognitive functions. cognitive neuroscience
0%
A form of emotion regulation in which individuals use cognitive resources to alter the meaning of a situation in order to reduce or change its emotional impact. cognitive reappraisal
0%
A scientific discipline that seeks to understand and model the information processing associated with cognitive functions. cognitive science
0%
A neuron that detects simultaneous events, as in sound localization. coincidence detector
0%
The subjective sensations elicited in humans (and presumably many other animals) by different spectral distributions of light. colour
0%
The similar colour appearance of surfaces, despite different spectral returns from them; usually applied to the similar appearance of objects under different illuminants. colour constancy
0%
The different colour appearance of surfaces despite similar spectral returns from them. colour contrast
0%
The depiction of human colour experience in diagrammatic form by a space with three axes representing the perceptual attributes of hue, saturation, and colour brightness. colour space
0%
A pathological state of profound and persistent unconsciousness. coma
0%
The combination of data across multiple methods for measuring brain function, often to improve inferences about the nature of the generative neural processes. complementarity
0%
An emotion that is learned, socially and culturally shaped, evolutionarily new, and typically expressed by a combination of the response patterns that characterize basic emotions. complex emotion
0%
An imaging method in which X-rays acquired at multiple angles are used to build a three-dimensional structural image of biological tissue. computerized tomography (CT)
0%
A form of direct priming in which the test cue and the target are semantically related. conceptual priming
0%
In classical conditioning, the reflex (normally innate in response to a particular unconditioned stimulus) that is triggered by a novel stimulus by virtue of repeated association. conditioned response (CR)
0%
In classical conditioning, the novel stimulus that eventually comes to trigger the innate reflex by virtue of repeated association. conditioned stimulus (CS)
0%
The generation of a novel response that is gradually elicited by repeated pairing of a novel stimulus with a stimulus that normally elicits the response being studied. conditioning
0%
In patients with memory disorders, the generation of false memories for complex autobiographical events. confabulation
0%
A target in a visual search task that is characterized by having a unique combination of two visual features. conjunction target
0%
Pertaining to the connectivity of neural networks whose connection weights vary according to experience. connectionist
0%
An intriguing but puzzling concept that includes the ideas of wakefulness, awareness of the world, and awareness of the self as an actor in the world. consciousness
0%
The strengthening of memory traces following encoding. consolidation
0%
Typically an unvoiced (atonal) element of speech that begins and/or ends syllables. consonant
0%
A form of emotional learning in which fear responses are acquired in response to environments that predict the presence of an aversive stimulus. contextual fear conditioning
0%
The combination of results across multiple experimental paradigms, often to support inferences about an unobservable internal state. convergence
0%
The large midline fiber bundle that connects the cortices of the two cerebral hemispheres. corpus callosum
0%
In recognition memory test, correctly classifying an new item as new. correct rejection
0%
The regions of cerebral neocortex that are not involved in primarysensory or motor processing cortical association areas
0%
The disproportionate representation of cortical space according to peripheral receptor density (such as occurs for the central representation of the fovea of the human eye). cortical magnification
0%
A steroid hormone released by the adrenal gland that is involved in the stress response. cortisol
0%
The focusing of visual attention toward a location or item in the visual field without shifting the direction of gaze. covert attention
0%
The sensory or motor ganglia associated with the 12 cranial nerves. cranial nerve ganglia
0%
Nerves projecting from the cranial motor nuclei to sense organs or muscles, mostly of the face, head, eyes, or neck. cranial nerves
0%
The normal sense, when looking at the world with both eyes, that we see it as if with a single eye. cyclopean fusion
0%
Memory available to consciousness that can be expressed by language. declarative memory
0%
Brain processes that occur in the absence of active executive control; a pattern of brain activation reflecting a set of cognitive processes that are typically more engaged during passive experience. default mode
0%
A network of the brain that includes the posterior cingulate cortex, the ventral anterior cingulate cortex, and the medial inferior prefrontal cortex and that has been proposed to be engaged when the brain is either “idling,” not engaged in any specific cognitive task, or directing attention inwardly. default-mode network
0%
A form of classical conditioning in which the conditioned stimulus is still ongoing when the unconditioned stimulus starts, and they both terminate at the same time. delay conditioning
0%
See temporal discounting . delay discounting
0%
The time delay generated by axons of different lengths; a mechanism important in coincidence detection. delay line
0%
In cognitive neuroscience studies of working memory, the observation of neural signals that persist while the research subject maintains information over time. delay-period activity
0%
An electrical potential induced in the dendritic tree of a neuron by input from the axons of other neurons; this electrical activity can often also be detected at the scalp as an EEG or ERP response. dendritic field potential
0%
A small extension from the surface of a dendrite that receives synapses. dendritic spine
0%
Changing the membrane potential of a neuron in the positive direction, which initiates an action potential if threshold is reached. depolarization
0%
In vision the perception of distance from the observer. depth
0%
A disruption of the function of one brain area caused by focal damage to another, distant part of the brain. diaschisis
0%
A color-deficient human (and the majority of mammals) whose color vision depends on only two cone types. dichromat
0%
A method of MRI that can show the preferred directions of diffusion within tissue; useful for the imaging of fiber tracts of the brain. diffusion tensor imaging (DTI)
0%
A working memory test in which the subject is asked to immediately recall a random string of numbers, which is gradually increased until recall fails. digit-span task
0%
The facilitation of recall in which the prime and the target are identical or havethe same name. direct priming
0%
A collection of behavioural signs and symptoms, typically caused by damage to the ventral prefrontal cortex; manifested by a loss of control, inappropriate outbursts, and a lack of inhibition in social settings disinhibition syndrome
0%
A clinical condition characterized by at least two distinct and relatively enduringpersonalities that alternately control a person’s behavior. dissociative identity disorder
0%
Theory which postulates that semantic memory is organized by semantic categories, such as living vs. nonliving things. domain-specific theory
0%
A catecholamine neurotransmitter involved in learning and reward evaluation, among other roles in the nervous system of humans and other animals. dopamine
0%
refers to the circuits in the brain that include neurons that release the neurotransmitter dopamine. The dopaminergic neurons, which are mostly located in the ventral tegmental area of the midbrain, the substantia nigrapars compacta, and the hypothalamus, have been particularly associated with reward dopamine system
0%
The dorsal portion of the spinal cord gray matter, which contains neurons that process sensory information. dorsal horn
0%
The segmental sensory ganglia of the spinal cord that contain the first-order sensory neurons whose axons project centrally. dorsal root ganglia
0%
A partially segregated visual processing pathway passing from primary visual cortex through extrastriate areas to the higher-order association cortices of the parietal cortex; thought to be concerned primarily with spatial aspects of visual processing. dorsal stream
0%
A functional division of the prefrontal cortex roughly corresponding to the middle and superior frontal gyri, as located anterior to motor cortex and the frontal eye fields. dorsolateral prefrontal cortex
0%
A functional division of the prefrontal cortex roughly corresponding to the medial surface dorsal to the corpus callosum. dorsomedial prefrontal cortex
0%
A functional relationship in which one area of the brain is experimentally shown to be associated with a particular task or cognitive function and not with another task or function, whereas another area is shown to be involved in the second task or function but not the first. double dissociation
0%
A mathematical description of decision- making behavior in terms of competing processes that drift in a random-walk fashion toward boundaries. drift-diffusion model
0%
A framework for decision making that posits the existence of two independent systems-typically, a fast emotional system and a slower cognitive system-whose interactions over time predict choices. dual-system model
0%
A successor to structural equation modeling which tests directional models of functional connectivity against brain data to determine the relative likelihood of the activity in one area of the brain causing the activity in others. dynamic causal modeling
0%
A collection of behavioural signs and symptoms, typically caused by damage to the dorsolateral prefrontal cortex; manifested by an inability to change behaviour wilfully and flexibly according to context. dysexecutive syndrome
0%
A model of attention postulating that attentional mechanisms can selectively filter out or attenuate irrelevant sensory input at an early processing stage, before the completion of sensory and perceptual analysis. early selection
0%
A muscle or gland that provides the output of neural processing. effector
0%
Any of various methods of recording electrical activity in the nervous system. electrophysiological recording
0%
A sense of physical location of the self within one’s own body. embodiment
0%
A set of physiological responses, action tendencies, and subjective feelings that adaptively engage humans and other animals to react to events of biological and/or individual significance. emotion
0%
The continuation of an emotional response to a stimulus after the emotional significance of the stimulus has changed and the response is no longer appropriate. emotional perseveration
0%
The voluntary or involuntary deployment of resources to gain control over emotional responses. emotion regulation
0%
The ability to share the same feelings expressed by another individual. empathy
0%
The incorporation of new information into a memory store, which requires themodification or creation of memory traces. encoding
0%
A form of attention in which processing resources are directed voluntarily to specific aspects of the environment; typically prompted by experimental instructions or, more normally, by an individual’s goals, expectations, and/or knowledge. endogenous attention
0%
A bias in decision making in which people will pay less to buy something than they would accept to sell the same thing, if they already possessed it. endowment effect
0%
The physical basis of a stored memory engram
0%
The division of the autonomic motor system that is specifically concerned with regulating the behavior of the gut. enteric division
0%
A catecholaminergic neurotransmitter and hormone involved in many body functions, including the fight-or-flight response coordinated by the autonomic nervous system. epinephrine
0%
Declarative memory that refers to memory for personally experienced past events. episodic memory
0%
A theory positing that the hippocampus is critical for episodic memory but not for semantic memory. episodic memory theory
0%
An electrophysiological marker that occurs when participants make errors in cognitive tasks. error-related negativity (ERN)
0%
A task design used in fMRI studies in which trials or events of different types may follow one another in randomized order and the neural responses from the different events can be extracted from the measured signals. event-related design
0%
A noninvasive optical imaging approach based on the fact that when brain tissue is illuminated, even through the skull, the amount of transmitted versus scattered light varies as a function of whether the neuronal tissue is electrically active. event-related optical signals (EROS)
0%
Voltage fluctuations in an ongoing brain EEG that are triggered by sensory and/or cognitive events; the changes reflect the summed electrical activity of neuronal populations specifically responding to those events and are extracted from the ongoing EEG by time-locked averaging. event-related potential (ERP)
0%
Pertaining to a synaptic effect that brings the membrane of the postsynaptic cell closer to threshold, thereby making firing of the postsynaptic cell more likely. excitatory
0%
A form of attention in which processing resources are directed to specific aspects of the environment in response to a sudden stimulus change, such as a loud noise or sudden movement, that attracts attention automatically. exogenous attention
0%
The personal value placed on the potential outcome of a decision, as derived from the combination of the value and probability of its potential outcomes. expected utility
0%
The average value in a particular currency (e.g., dollars) of the potential outcome of a decision as weighted by the relative probabilities of those outcomes. expected value
0%
The cartilaginous elements of the visible ear (the pinna and concha). external ear
0%
Recording the electrical potentials in the extracellular space near active neurons. extracellular recording
0%
Regions of the visual cortex that lie outside the primary (striate) visual cortex; includes higher-order visual processing areas such as V4, MT, and MST. extrastriate visual cortical areas
0%
A paradigm in which a puff of air is repeatedly paired with a tone until the tone by itself elicits blinking. eyeblink conditioning
0%
responses are reduced by repeated presentation of a feared false alarm
0%
stimulus without any unpleasant consequences. familiarity
0%
A form of emotional learning in which fear responses are acquired to cues that predict the occurrence of an aversive stimulus. fear conditioning
0%
A form of emotional learning in which fear responses are reduced by repeated presentation of a feared stimulus without any unpleasant consequences. fear extinction
0%
A model of attention postulating that the visual perceptual system is organized as a set of feature maps, each providing information about the locations in the visual field of a particular feature. feature integration theory
0%
A model in which the attentional modulation of the amplitude (gain) of a sensory neuron’s response depends on the similarity of the features of the currently relevant target and the feature preferences of that neuron. feature similarity gain model
0%
Bundles of axons in the brain that carry neuronal signals between brain areas. fiber tract
0%
The adjustment of rules for behavior based on reward outcomes that were observed, but not received directly. fictive learning
0%
A deep cleft in the surface of the brain; can be either between two lobes fissure
0%
The concept that traumatic memories are vividly and accurately represented in the brain as though the event were recorded through the flash of a camera. flashbulb memory
0%
One way of using repetition suppression within an fMRI paradigm that uses pairs of similar stimuli. fMRI adaptation
0%
The ridges and valleys that are apparent in the cerebellar cortex. folia (sing. folium)
0%
The anterior portion of the brain that includes the cerebral hemispheres (the telencephalon and diencephalon). forebrain
0%
The perception of object geometry or shape; one of the major visual perceptual qualities. form
0%
One of several frequencies that represent the natural resonances of different components of the vocal tract. formant
0%
An axon tract, best seen from the medial surface of the divided brain, that interconnects the hypothalamus and hippocampus. fornix (pl. fornices)
0%
The ventricular space that lies between the pons and the cerebellum. fourth ventricle
0%
The area of the human retina specialized for high acuity; contains a high density of cones and few rods. fovea
0%
The degree to which water diffuses in a preferred direction within tissue. fractional anisotropy (FA)
0%
A mode of representing a decision-making scenario that changes the decisions people make, even though the basic structure of the problem is left unchanged. framing effect
0%
A specific frequency range within a spectrum, usually referring to oscillatory electrical brain activity. frequency band
0%
A region of the prefrontal cortex in human and non-human primates, often associated with area 8a, that plays a key role in voluntary visual orienting movements. frontal eye fields
0%
The most anterior part of the prefrontal cortex. frontopolar cortex
0%
Transient states of confusion in which self-relevant knowledge is temporarily unavailable to consciousness. fugue state
0%
How the activity of one brain region varies with the activity in other brain regions. functional connectivity
0%
A non-invasive method for imaging brain activity that uses imaging pulse sequences generated by a magnetic resonance scanner; the signal measured is caused by haemoglobin-based changes in blood oxygenation and blood flow that are induced by local neural activity. functional magnetic resonance imaging (fMRI)
0%
A specialized, encapsulated neural circuit that has evolved to process specific types of information relevant to solving the problems a particular species confronts in its natural environment. functional neural module
0%
The first vibratory mode in the harmonic series evident in the sound spectra generated by a vibrating string or column of air. fundamental frequency
0%
A region of the fusiform gyrus that shows enhanced responses to faces relative to other objects. fusiform face area (FFA)
0%
A subfield of behavioral economics that investigates how people make decisions in simple, well-controlled games. game theory
0%
Allowing or permitting. Channels through the neuronal membrane undergo this allowing the access of certain ions under certain conditions gating
0%
One of the three major nuclei that make up the basal ganglia in the cerebral hemispheres; relays information from the caudate and putamen to the thalamus. globus pallidus
0%
Any of the characteristic collections of neurons in the olfactory bulb that are formed by dendrites of mitral cells and terminals of olfactory receptor cells, as well as the axons and dendrites of local interneurons. glomerulus (pl. glomeruli)
0%
The system of rules implicit in a language. grammar
0%
Regions of the central nervous system that are rich in neuronal cell bodies; includes the cerebral and cerebellar cortices, the nuclei of the brain, and the central portion of the spinal cord. gray matter
0%
A cognitive model positing that there are two basic components that determine the allocation of attention during visual search : a component driven by stimulus (bottom-up) information and one driven by top-down influences based on high-level factors and behavioral goals. guided search
0%
The peripheral and central components of the nervous system dedicated toprocessing and perceiving taste stimuli. gustatory system
0%
Any of the ridges in the folded cerebral cortex. gyrus (pl. gyri)
0%
A well-established pattern of thought or behavior. habit
0%
The process by which a behavioral response to the same stimulus decreases in intensity, frequency, or duration when that stimulus is repeated over and over. habituation
0%
The receptor cell in the inner ear for transducing sound stimuli (or other mechanical stimuli in the case of vestibular hair cells) into neural signals. hair cell
0%
harmonic series HARMONICSERIES
0%
The idea, proposed in the late 1940s, that when presynaptic and postsynaptic neurons fire action potentials together, the strength of the synaptic connections between them is enhanced. Hebbian learning
0%
A neurological disorder resulting from unilateral damage to the basal ganglia; manifested by flinging movements of the limbs contralateral to the lesion. hemiballismus
0%
A deficit in the ability to attend to the left side of space, and often to the left side of objects, typically caused by damage to the right parietal lobe. hemispatial neglect
0%
defined by the cingulate gyrus. hemispheres
0%
A rule or procedure derived from past experience that can be used to solve a problem. heuristic
0%
A specialized cortical structure located in the medial portion of the temporal lobe; in humans, concerned with declarative memory, among many other functions. hippocampus (pl. hippocampi)
0%
In recognition memory test, correctly classifying an old item as “old”. hit
0%
The family of primates that includes humans and their bipedal ancestors but not great apes (although some taxonomists include all African apes, humans, and human ancestors in this family). hominids
0%
The genus of humans and their ancestors characterized by upright walking, a relatively large brain, certain advanced dental features, and toolmaking. Homo
0%
Literally “little man” (Greek), often used in referring to the shape of a primary sensory or motor cortical map. homunculus (pl. homunculi)
0%
An autosomal dominant genetic disorder in which a single gene mutation results in damage to the basal ganglia that causes personality changes, progressive loss of the control of voluntary movement, and eventually death. Huntington’s disease
0%
Changing the membrane potential of a neuron in the negative direction, driving it away from threshold and making it less likely to initiate an action potential. hyperpolarization
0%
An fMRI technique in which data are collected simultaneously across more than one MRI scanner, often while individuals are playing a multiplayer game. hyperscanning
0%
The primary information-processing pathway for stress responses; connects the hypothalamus, pituitary gland, and adrenal gland. hypothalamic-pituitary-adrenal (HPA) axis
0%
A collection of small but critical nuclei in the diencephalon that lies just inferior to the thalamus; governs reproductive, homeostatic, and circadian functions. hypothalamus
0%
The light that falls on a scene or surface. illumination
0%
A perceptual process in which sensory features from different objects in a scene are falsely perceived as being part of the same object. illusory conjunction
0%
The facilitation of recall by an item that is not directly related to that item. indirect priming
0%
Variation in a cognitive function or other trait across people, often as can be related to a particular biological predictor. individual difference
0%
Paired structures on the dorsal surface of the midbrain; concerned with auditory processing. inferior colliculi (sing. inferior colliculus)
0%
A phenomenon in an exogenously cued spatial attention paradigm that is apparent as a slower behavioral response to a target stimulus presented at the (validly) cued location later than 300 milliseconds after the cue. inhibition of return
0%
Pertaining to a synaptic effect that makes the firing of the postsynaptic cell less likely. inhibitory
0%
The assumption that others are agents motivated to behave in a way that is consistent with their current mental state. intentional stance
0%
A tremor that occurs during performance of a voluntary motor act. intention tremor
0%
The difference in the intensity of a sound stimulus at the two ears; contributes to sound localization. interaural intensity difference
0%
The difference in the time of arrival of a sound stimulus at the two ears; contributes to sound localization. interaural time difference
0%
A large white matter tract that lies between the diencephalon and the basal ganglia; contains, among others, sensory axons that run from the thalamus to the cortex and motor axons that run from the cortex to the brainstem and spinal cord. internal capsule
0%
The sense of the internal state of the organism. interoception
0%
Recording the potential between the inside and outside of a neuron with a microelectrode. intracellular recording
0%
The impossibility of knowing the world directly by means of light stimuli; arises because of the ambiguity of light patterns projected onto the retina. inverse optics problem
0%
A membrane protein that uses the passive energy of concentration gradients (created by ion pumps) to allow the passage of ions across the cell membrane. ion channel
0%
A membrane protein that uses metabolic energy to create ion concentration gradients across neuronal membranes. ion pump
0%
A paucity or complete lack of blood supply; a common cause of stroke. ischemia
0%
Memory test that measure memory for the occurrence of items independently of their contexts. item recognition test
0%
A theory developed in the 1880’s, positing that emotions are determined by the pattern of feedback from the body periphery to the cerebral cortex. James-Lange theory
0%
The sharing of a common focus of attention across at least two individuals. joint attention
0%
A rare behavioural syndrome following damage to the anterior temporal lobe that includes a lack of appreciation for the motivational significance of objects inthe environment, hyperorality, and altered sexual behaviour. Klüver-Bucy syndrome
0%
The portion of the upper respiratory tract that lies between the trachea and the pharynx. larynx
0%
The cleft on the lateral surface of the human brain that separates the temporal and frontal lobes. lateral fissure
0%
The thalamic nucleus that relays information from the retina to the cerebral cortex. lateral geniculate nucleus
0%
The lateral portion of the spinal cord gray matter, which mediates sympathetic motor responses. lateral horn
0%
A part of the inferior parietal lobule that plays a key role in orienting attention and the eyes to a location in space. lateral intraparietal area (LIP)
0%
The portion of the frontal lobes that lies along the lateral surface of the cerebral cortex, usually restricted to regions anterior to motor cortex. lateral prefrontal cortex
0%
The major ventricle in each of the two cerebral hemispheres. lateral ventricles
0%
A theory of attention postulating that all stimuli are processed through the completion of sensory and perceptual analysis before any selection or influence of attention occurs. late selection
0%
The combined effect of all encoding, storage, and retrieval in gradually enhancing the performance of a particular task. learning
0%
In ERP studies of recognition memory, the phenomenon, occurring at about 400 to 800 milliseconds after the stimulus, whereby old items elicit greater positivity over left parietal regions than do new items. left parietal effect
0%
Declarative memory encoding is usually better when information is processed at a semantic (deep) level rather than at a perceptual (shallow) level. levels of processing
0%
In vision, the apparent reflectance of a surface. lightness
0%
The theory, developed by Paul MacLean in the 1940’s, positing that structures of the limbic forebrain constitute a system that generates emotions. limbic system theory
0%
The four major regions of the cerebral cortex: the frontal, parietal, occipital, and temporal lobes. lobes
0%
A dendritic field potential that is recorded intracranially close to the dendritic source. local field potential (LFP)
0%
The idea that the brain may have distinct regions that support particular cognitive functions. localization of function
0%
A small adrenergic nucleus in the rostral brainstem that projects widely in the brain; it plays a role in the sleep-waking cycle, mediating alertness, and attention. locus coeruleus
0%
A long-lasting diminishment of synaptic strength as a result of repetitive activity. long-term depression (LTD)
0%
A long-lasting enhancement of synaptic strength as a result of repetitive activity. long-term potentiation (LTP)
0%
The sensory quality elicited by the intensity of sound stimuli. loudness
0%
A motor neuron that directly innervates muscle. lower motor neuron
0%
A noninvasive imaging method based on the behavior of atomic nuclei (particularly hydrogen) within a strong magnetic field; provides excellent soft-tissue contrast of brain anatomy, and can also be used to measure functional brain activity noninvasively. magnetic resonance imaging (MRI)
0%
A method of measuring at the scalp the electrical currents in the brain based on the detection of the magnetic fields produced by those currents. magnetoencephalography (MEG)
0%
The component of the primary visual processing pathway that is specialized in part for the perception of motion and other aspects of stimulus change; so named because of the relatively large neurons involved. magnocellular system
0%
Small prominences on the ventral surface of the diencephalon; functionally, part of the caudal hypothalamus. mammillary bodies
0%
The misperception of speech sounds due to conflicting visual stimuli. McGurk effect
0%
The thalamic nucleus in the primary auditory pathway. medial geniculate nucleus
0%
The most caudal of the three components of the brainstem, extending from the pons to the spinal cord. medulla
0%
Longitudinal bulges on the ventral aspect of the medulla that signify the corticospinal tracts at this level of the nervous system. medullary pyramids
0%
Processes by which information is encoded (learned), stored, and retrieved memory
0%
A hypothesis positing that the basolateral amygdala is important for modulating memory processing in other brain regions to enhance the retention of emotional events. memory modulation hypothesis
0%
A process during memory retrieval that explores possible locations of a target memory. memory search
0%
The approach of combining results from multiple experiments, usually published studies that vary in their research methods, to improve the specificity and generalizability of the inferences that can be drawn. meta-analysis
0%
The most rostral of the three components of the brainstem; identified by the superior and inferior colliculi on its dorsal surface, and the cerebral peduncles on its ventral aspect. midbrain
0%
The portion of the ear between the eardrum and the oval window; contains the three small bones that amplify sound stimuli mechanically. middle ear
0%
The full spectrum of a person’s awareness (one aspect of consciousness) at any point in time, reflecting sensory percepts, as well as thoughts, feelings, goals, desires, and so on. mind
0%
A sensorimotor skill learning task in which the subject is asked to trace the outline of a figure, such as a star, which can be only seen through its reflection on a mirror. mirror drawing task
0%
A neuron in the frontal or parietal cortex that shows similar electrophysiological responses to actions executed by oneself or to observation of the same actions being executed by another. mirror neuron
0%
In recognition memory test, incorrectly classifying an old item as "new". miss
0%
See mismatch negativity. MMN
0%
The focusing attention on the stimulus information specifically within one sensory modality. modality-specific attention
0%
The process that evaluates the appropriateness of a given behavior for the current context; examples include evaluating the accuracy of answers generated during a memory test or the adequacy of a response rule in an executive function paradigm. monitoring
0%
Pertaining to one eye. monocular
0%
The long-term balance between emotional and attentional processing. mood regulation
0%
The proposal that different functional parts of the brain, or modules, evolve at different rates in re-sponse to different selective pressures in the environment. mosaic brain evolution
0%
The changing position of an object defined by speed and direction within a frame of reference. motion
0%
The persistence of perceived motion in the opposite direction when a motion stimulus has ceased. motion aftereffect
0%
The different degree of movement of near and far objects as a function of moving the head or body while observing a scene. motion parallax
0%
In humans and other mammals, the region of the cerebral cortex anterior to the central sulcus that is concerned with motor behavior; includes the primary motor cortex in the precentral gyrus, and associated premotor cortical areas in the frontal lobe. motor cortex
0%
A nerve cell that innervates skeletal or smooth muscle. motor neuron
0%
The plan to produce a particular motor action, such as writing one’s name, that occurs independently of the effectors used to carry out the movement. motor program
0%
All the components of the central and peripheral nervous systems that support motor behavior. motor system
0%
In primates, an extrastriate cortical region related to MT that is in part specialized for motion processing. MST (middle superior temporal)
0%
In primates, an extrastriate cortical region related to MST that is in part specialized for motion processing. MT (middle temporal)
0%
A theory positing that episodic memories, consolidated or otherwise, always depend on the hippocampus. multiple-trace theory
0%
The combining of sensory infor- mation from different sensory modalities, facilitating the link-ing of that information together into one perceptual object. multisensory integration
0%
A technique that analyzes patterns of activation across voxels in a particular brain region that consistently correspond to certain stimulus or event types, rather than the overall increase or decrease in activation of the entire region. multivoxel pattern analysis (MVPA)
0%
The membranous wrapping of axons by certain classes of glial cells that makes brain regions with axonal pathways look whitish. myelin
0%
The process by which glial cells wrap axons to form multiple layers of glial cell membrane that electrically insulate the axon, thereby speeding up the conduction of action potentials. myelination
0%
A negative-polarity (“N” in N2pc) ERP component elicited by the detection of a pop-out stimulus target in a visual search array, thought to reflect either the shifting and focusing of attention to the location of the pop-out or the filtering of the nearby distracter items. N2pc wave
0%
A subspecies of Homo sapiens that lived between 200,000 and 30,000 years ago in the Middle East and Europe. Neanderthals
0%
The removal of an aversive outcome following an ation. negative reinforcement
0%
See neuron. nerve cell
0%
The network of nerve cells throughout the body. nervous system
0%
A collection of interconnected neurons mediating a specific function. neural circuit
0%
A measure of brain function that covaries with the expression of a cognitive function. neural correlate
0%
Typically refers to artificial network of interconnected nodes whose connections change in strength as a means of solving problems. neural network
0%
Also called neural stem cells, these undifferentiated cells are defined by their capacity for self-renewal and ability to generate all the major cell types of the CNS including neurons, astrocytes, oligodendrocytes, and ependymal cells that line the ventricles of the brain. neural precursor cell
0%
An emerging discipline that combines theoretical perspectives from neuroscience and economics, as well as other of the social sciences, in the creation of mechanistic models for behaviour neuroeconomics
0%
Any of several types of non-neural cells found in the peripheral and centralnervous systems that carry out a variety of functions that do not directly entail signalling. neuroglial cells
0%
A method of relating differences in fMRI activity between people to specific genetic variations. This method can provide accounts of how genetics can influence brain structure and function, and thus in turn cognitive processes. neuroimaging genomics
0%
The use of measurements of physiology or brain function to shape the branding and advertising of consumer products. neuromarketing
0%
The tendency to consider a behavioral or mental phenomenon to be more real based on the presence of neuroscience data. neurorealism
0%
A chemical agent released at synapses that mediates signaling between nerve cells. neurotransmitter
0%
A molecule embedded in the membrane of a postsynaptic cell that binds a neurotransmitter. neurotransmitter receptor
0%
A cell that responds specifically to potentially harmful stimuli. nociceptor
0%
A sound stimulus that is aperiodic. noise
0%
Memory expressed through performance; assumed to operate unconsciously. nondeclarative memory
0%
A catecholaminergic neurotransmitter and hormone released across synapses in postganglionic neurons of the sympathetic nervous system, in the adrenal medulla, and in some parts of the central nervous system. norepinephrine
0%
A subdivision of the ventral striatum that contains neurons sensitive to the neurotransmitter dopamine and contributes to learning and reward evaluation. nucleus accumbens
0%
A brainstem nucleus in the primary auditory pathway. nucleus of the lateral lemniscus
0%
A brainstem nucleus that integrates gustatory and other information relevant to the autonomic control of the gut and other autonomic target organs. nucleus of the solitary tract
0%
An anatomically discrete collection of neurons within the brain; typically serves a particular function. nucleus (pl. nuclei)
0%
The blocked view of distant objects by nearer objects. occlusion
0%
The perception elicited by a soluble chemical that interacts with olfactory receptors. odor
0%
The olfactory relay station that receives axons from the olfactory cranial nerve and transmits this information via the olfactory tract to higher centers. olfactory bulb
0%
Pseudostratified epithelium that contains olfactory receptor cells, supporting cells, and mucus-secreting glands in the nasal cavity. olfactory epithelium
0%
The first cranial nerve; runs from the olfactory mucosa to the olfactory bulb. olfactory nerve
0%
The sensory system that includes the olfactory epithelium of the nasal cavity, the olfactory tract, and olfactory bulbs; mediates the perception of odors. olfactory system
0%
The projection from the olfactory bulbs to higher olfactory centers. olfactory tract
0%
The altered probability of a behavioural response engendered. operant conditioning
0%
A neurological condition associated with damage to the dorsal parietal cortex and characterized by deficits in visually guided reaching. optic ataxia
0%
The crossing of optic nerve axons from the nasal portions of the retinas in humans and other mammals such that the temporal visual fields are represented in the contralateral cerebral hemispheres. optic chiasm
0%
A method in which genes that code for light-sensitive ion channels or light-sensitive ion transporters are introduced into neurons. optogenetics
0%
A subcellular component visible in a light or electron microscope organelle
0%
The site where the middle-ear bones transfer vibrational energy to the cochlea. oval window
0%
The focusing of attention (typically visual) by voluntarily shifting gaze. overt attention
0%
An enhanced positive-polarity ERP wave elicited by an attended auditory stimulus, occurring between 20 and 50 milliseconds after stimulus onset; this effect provided particularly strong support for early-selection models of attention. P20-50 attention effect
0%
The highly unpleasant percepts generated by stimuli that are potentially damaging. pain
0%
A system for warning an animal about potentially harmful stimuli. pain system
0%
A cortical gyrus in the medial temporal lobe adjacent to the hippocampus; plays a role in declarative memory, emotion, and responses to olfactory stimuli. parahippocampal gyrus
0%
The component of the autonomic motor system that mediates restorative metabolic functions. parasympathetic division
0%
Sulcus between the occipital and parietal lobes of the cerebral hemispheres. parieto-occipital sulcus
0%
A neurodegenerative process affecting the substantia nigra that results in a characteristic tremor at rest and a general paucity of movement. Parkinson’s disease
0%
The component of the primary visual processing pathway that is specialized in part for the detection of detail and color. parvocellular system
0%
The level of processing difficulty or complexity of a task being performed by an individual; usually measured by the time it takes for perceptual analyses of the stimuli. perceptual load
0%
A form of direct priming in which the test cue and the target are perceptually related. perceptual priming
0%
All the nerves and neurons that lie outside the brain and spinal cord. peripheral nervous system
0%
A graph that plots neuronal activity, typically firing rate or number of spikes, as a function of the time of stimulus presentation. peristimulus time histogram (PSTH)
0%
The repetition of a response despite changing stimuli or rules that make a different response more appropriate. perseveration
0%
A state that results from profound damage to the brain, perhaps by injury or disease, that is characterized by a lack of awareness. persistent vegetative state
0%
The ability to adopt the viewpoint of another individual. perspective taking
0%
A chemical signal produced by an animal such as a rodent, typically from glands, that mediates aspects of social communication. pheromone
0%
One of about 200 different sound stimuli the human vocal apparatus can produce. phone
0%
The basic perceptual unit that distinguishes one utterance from another in a given language. phoneme
0%
An endocrine structure comprising an anterior lobe made up of many different types of hormone-secreting cells, and a posterior lobe that secretes neuropeptides produced by neurons in the hypothalamus. pituitary gland
0%
One of the three components of the brainstem, lying between the midbrain rostrally and the medulla caudally. pons
0%
An item in a visual scene or visual array that differs from all of the other items in the scene (distracters) in one featural dimension (such as color, orientation, texture, shape, size). pop-out stimulus
0%
The gyrus that lies just posterior to the central sulcus; contains the primary somatosensory cortex. postcentral gyrus
0%
The region of the parietal cortex surrounding the intraparietal sulcus. posterior parietal cortex
0%
A clinical condition that emerges following the experience of one or more traumatic, stressful events. posttraumatic stress disorder (PTSD)
0%
An enduring preference for having impact on other people or the world at large. power motivation
0%
The gyrus that lies just anterior to the central sulcus; contains the primary motor cortex. precentral gyrus
0%
Cortical regions in the frontal lobe that are anterior to the primary motor and premotor cortices; thought to be involved in planning complex cognitive behaviors and in the expression of personality and appropriate social behavior. prefrontal cortex (PFC)
0%
Part of the prefrontal cortex lying just anterior to the primary motor cortex; involved in planning movement. premotor cortex
0%
Cortical areas, including the premotor cortex, supplementary motor cortex, and parts of the parietal cortex, that provide motor programming signals to the primary motor cortex. premotor cortical areas
0%
A cognitive theory proposing that shifts of attention and preparation of goal-directed action are closely linked because they are controlled by shared sensory-motor mechanisms. premotor theory of attention
0%
The cortical target of the neurons in the medial geniculate nucleus; the terminus of the primary auditory pathway. primary auditory cortex (A1)
0%
The pathway from the inner ear to the primary auditory cortex in the temporal lobe. primary auditory pathway
0%
A major source of descending projections to motor neurons in the spinal cord and cranial nerve nuclei; located in the precentral gyrus (area 4) and essential for the voluntary control of movement. primary motor cortex
0%
A stimulus whose rewarding properties come from its salutaryeffects on homeostatic processes. primary reinforcer
0%
The cortex of the postcentral gyrus of the parietal lobe that receives mechanosensory input from the thalamus. primary somatosensory cortex (S1)
0%
The cortex in the calcarine fissure of the parietal lobe that receives visual input from the thalamus. primary visual cortex
0%
The pathway from the retina via the lateral geniculate nucleus of the thalamus to the primary visual cortex; carries the information that allows conscious visual perception. primary visual pathway
0%
Facilitated processing of a particular stimulus based on previous encounters with the same or a related stimulus. priming
0%
A core assumption of prospect theory, such that the subjective probability of an outcome can differ systematically from the objective probability. probability weighting
0%
A slow, long-lasting negative-polarity ERP wave that is elicited during auditory selective attention, the amplitude of which reflects how well each stimulus matches an attentional "template." processing negativity
0%
An antagonist of the beta-adrenergic system. propranolol
0%
Pertaining to the inflection in speech, often associated with emotion. prosodic
0%
The fluctuating pitch of speech; gives emotional and other information to speech. prosody
0%
The inability to recognize faces; usually associated with lesions of the right inferior temporal cortex. prosopagnosia
0%
A quantitative decision-making model proposing that people make decisions in terms of the anticipated gains and losses from their current state, and that probabilities are subjective. prospect theory
0%
A theoretical concept, often generated by converging results across experiments, that cannot be directly observed but serves to explain and unify a body of research. psychological construct
0%
An fMRI analysis technique that uses the time courses of activity in different brain areas to analyze how interactions between them differ as a function of the cognitive task being performed. psychophysiological interaction (PPI) analysis
0%
A nucleus of the thalamus that mediates interactions among several sensory association areas of the cortex. pulvinar
0%
The delivery of an aversive stimulus. punishment
0%
One of the three major nuclei that make up the basal ganglia. putamen
0%
A component of the cerebral cortex in the temporal lobe pertinent to olfaction; so named because of its pearlike shape. pyriform cortex
0%
Brainstem nuclei involved in the control of the sleep-wake cycle, among other functions related to arousal. raphe nuclei
0%
A framework for explaining choice behavior that assumes that decision makers are consistent in their preferences and procedures for generating choices. rational choice model
0%
Consistency in decision making that is based on a conscious evaluation of the circumstances. rationality
0%
blocked design r:^BLO[CK]+EDDESIGN
0%
Broca’s aphasia r:^BROCASA(PH|F+)AS[EI]A
0%
cortical modules r:^CORTIC(AL|EL|LE)MODULES
0%
diencephalon r:^DIENCE(PH|F+)ALON
0%
An electrical potential, recorded from the motor and premotor cortices with EEG electrodes, that signals the intention to initiate a voluntary movement well in advance of actual production of the movement. readiness potential
0%
Memory test that requires generating the target information. recall test
0%
The region of the receptor surface of a sensory neuron that, when stimulated, elicits a response in the neuron being examined. receptive field
0%
A membrane potential change that arises at a sensory receptor in the periphery due to a stimulus from the environment. receptor potential
0%
During memory retrieval, the process of accessing stored memory traces. recovery
0%
Following a stimulus or event, describing a process in which neural activity is fed back to the same brain region, typically a sensory area, that was activated earlier in the processing sequence. reentrant
0%
Following a stimulus or event, a process in which neural activity is fed back to the same brain region activated earlier in the processing sequence. reentrant process
0%
A core assumption of prospect theory, such that outcomes are evaluated in terms of their relative change (positive or negative) from the current state. reference dependence
0%
efferent neuron r:^EF+ERENTN(U|EU|UE)RON
0%
The percentage of incident light reflected from a surface. reflectance
0%
A theory positing that the hippocampus is involved primarily in encoding and retrieving associations between items, including spatial associations but also other types of associations. relational memory theory
0%
The creation of new representations and the increase in activity that result from the repetition of stimuli during priming; associated with priming for novel stimuli. repetition enhancement
0%
A phenomenon observed in functional neuroimaging studies in which previously encountered stimuli evoke smaller hemodynamic responses than do novel stimuli. repetition suppression
0%
TMS (rTMS) A method in which the brain is stimulated with a repeated sequence of magnetic field pulses, ranging from less than 1 per second up to 30 Hz or more. repetitive
0%
The tendency of any physical object to vibrate maximally at a certain frequency. resonance
0%
The patterns of functional connectivity of the brain while a person is awake but not engaged in any specific task or activity. resting-state connectivity
0%
A region in the brainstem containing a set of subregions (brainstem “nuclei”) that mediate overall arousal and level of awareness. reticular activating system
0%
The geometrical difference between the same points in the images projected on the two retinas, measured in degrees with respect to the fovea. retinal disparity
0%
The recovery or accessing of stored memory traces. retrieval
0%
Any information that leads to the retrieval of memories, such as the hits provided by memory tests. retrieval cue
0%
The mental state of episodic retrieval (the retrieval of episodic memories), which is assumed to be qualitatively different from the mental states of other cognitive abilities. retrieval mode
0%
The inability to recall memories for events that happened before the lesion or brain disorder that caused the memory loss. retrograde amnesia
0%
The capacities for recognizing that the rules mapping environmental events to behavior have changed and for adjusting behavior accordingly. reversal learning
0%
A quantity given by the difference between the reward that was expected and what actually occurs; the activity of some dopaminergic neurons seems to convey this quantity. reward prediction error (RPE)
0%
The likelihood that a particular movement will yield a reward, multiplied by the amount of reward expected. reward value
0%
In ERP studies of recognition memory, the phenomenon, occurring at 600 to 1200 milliseconds after the stimulus, whereby old items elicit greater positivity over right frontal regions than do new items. right frontal effect
0%
A hypothesis positing that the right hemisphere is specialized for emotional functions. right-hemisphere hypothesis
0%
interneuron r:^INTERN(U|EU|UE)RON
0%
The tendency to prefer lower-risk options when making decisions, even in some situations when those options have reduced expected value. risk aversion
0%
Wernicke’s aphasia r:^WERNI[CK]+ESA(PH|F+)AS[EI]A
0%
A ballistic eye movement that changes the point of binocular visual fixation; normally occur at a rate of about three to four per second. saccade
0%
A theoretical construct of visual attention in which the importance of different stimuli in the visual field is set by a combination of top-down processes based on behavioral goals and bottom-up processes resulting from how distinctive the different elements of a stimulus are compared to the background. saliency map
0%
An approach to decision making in which a decision maker does not seek the best possible option, but instead chooses the first option that meets some threshold for acceptability. satisficing
0%
A rare clinical condition characterized by extraordinary talent in a particular ability, such as art or math, often in the face of general physical or mental disability. savant syndrome
0%
The cortical region surrounding the primary auditory cortex. secondary auditory cortex (A2)
0%
A stimulus that has no direct effects on homeostatic processes but is nevertheless rewarding. secondary reinforcer
0%
A higher-order somatosensory map in the parietal lobe adjacent to S1. secondary somatosensory cortex (S2)
0%
A slow, sustained, negative-polarity ERP wave, typically starting about 150 milliseconds after an attended visual stimulus, resulting from attention to a nonspatial visual feature of the stimulus. selection negativity
0%
The subjective sense of existing as an individual. self
0%
An awareness of oneself as a separate actor in the world. self-awareness
0%
The ability to consider one’s own being as an object of thought. self-reflexive thought
0%
A memory deficit that impairs semantic memory rather than episodic memory and is associated with left-lateralized atrophy of the anterior temporal cortex. semantic dementia
0%
Declarative memory that refers to general knowledge about the world, including knowledge of language, facts, and the properties of objects. semantic memory
0%
A form of indirect priming in which the prime and the target are semantically related. semantic priming
0%
The process by which a behavioral response to an otherwise benign stimulus increases in intensity, frequency, or duration when that stimulus is paired with an aversive stimulus. sensitization
0%
The adjustment of sensory receptors or other elements in a sensory system to different levels of stimulus intensity; allows sensory systems to operate over a wide range of stimulus intensities. sensory adaptation
0%
Theory which postulates that semantic memory is organized by sensory and functional properties of real objects. sensory/functional theory
0%
Collections of neurons in the peripheral nervous system that comprise the cell bodies of afferent sensory neurons. sensory ganglia
0%
A nerve cell that is involved in sensory processing. sensory neuron
0%
All the components of the central and peripheral nervous systems concerned with processing information arising from a particular stimulus category. sensory system
0%
An emotional reaction elicited in cats by electrical stimulation of the hypothalamus, characterized by hissing, growling, and attack behaviors directed randomly toward innocuous targets. sham rage
0%
Priming theory which proposes that when a stimulus is repeated neurons that are not essential fire less, leading to a more efficient “sharpened” representation and a reduction in neural activity. sharpening theory
0%
The ability of contextual information to alter the perception of a visualtarget, especially in regard to its luminance. simultaneous lightness/brightness contrast
0%
A method of studying the activity of single neurons using a microelectrode. single-unit recording
0%
A form of emotion regulation in which individuals select situations that minimize the likelihood of experiencing negative emotions. situation selection
0%
Gradual improvement in the performance of a motor or cognitive task as a result of extensive experience and repeated practice. skill learning
0%
A stimulus-induced increase in the electrical conductance of the skin due to increased hydration. skin conductance response (SCR)
0%
A device, used in operant conditioning, in which animals such as pigeons or rats learn to press a lever to receive a food pellet. Skinner box
0%
The study of the neural basis of interpersonal and intergroup processes. social neuroscience
0%
The use of emotions expressed by another individual to guide one’s own behavior. social referencing
0%
A theory, first advocated by Antonio Damasio and his colleagues, that motivated behaviour is influenced by neural representations of body states, whose reexperiencing can shape behaviour positively or negatively; the hypothesis that evaluation of one’s own body states makes important contributions to decision making. somatic marker hypothesis
0%
The components of the motor system that support skeletal movements mediated by the contraction of skeletal muscles. somatic motor system
0%
Region of the parietal lobe that receives information about touch, pressure and vibration at the body surface. somatic sensory cortex
0%
refers to a representation of the body mapped on to the cortex of the brain in a topographically preserved way, meaning that adjacent locations on the surface of the body have adjacent representations in the cortex, even if perhaps stretched or distorted. somatotopic
0%
The corresponding anatomical arrangement of the sensory periphery and its central representation. somatotopic map
0%
The analysis of a sound stimulus showing the distribution of power as a function of frequency. sound spectrum
0%
The periodic compression and rarefaction of air molecules underlying a sound stimulus. sound wave
0%
A generally accepted model for the production of speech sound stimuli that entails the vocal-fold vibrations as a source and the rest of the vocal tract as a dynamic filter. source-filter model
0%
An explicit test of memory that asks participants to remember notmerely what events happened in the past but where, when, or how they happened. source memory test
0%
In long-term potentiation, only the synapses activated during stimulation show enhancement; other synapses, even on the same neuron, are not affected. specificity
0%
The portion of the central nervous system that extends from the lower end of the brainstem (the medulla) to the cauda equina. It sits within a protective tube, or column, created by the vertebrae of the spine. spinal cord
0%
Circuit that includes the afferent to efferent components of a response at the level of the spinal cord. spinal reflex arc
0%
An individual whose corpus callosum has been surgically interrupted as a treatment for epilepsy, functionally separating the left and right hemispheres. split-brain patient
0%
Hypothetical mechanism whereby the activation of a node in the semantic network spreads to associated nodes. spreading activation
0%
A theory positing that the hippocampus rapidly encodes an integrated representation of an event or concept, which is then slowly transferred to the cortex and eventually becomes independent of the hippocampus. standard consolidation theory
0%
A behavioral reaction to a sudden, intense auditory or visual stimulus that is mediated by a subcortical reflex circuit. startle response
0%
The special sensation of depth that results from fusion of the two eyes’ views of relatively nearby objects. stereopsis
0%
The retention of information over time. storage
0%
Any of several hormones, including cortisol, epinephrine, and norepinephrine, that are secreted by the adrenal gland when stimulated by its sympathetic innervation. stress hormone
0%
The input nuclei of the basal ganglia, consisting of the caudate and the putamen. striatum
0%
The clinical and neuropathological result of interruption of the blood supply to one or another region of the brain. stroke
0%
A mathematical method of analyzing fMRI data by which two or more models of functional connectivity may be tested against brain data. structural equation modeling
0%
In functional neuroimaging studies, greater study-phase activity for items that are remembered rather than forgotten in a later memory test. subsequent memory effect (SME)
0%
A nucleus at the base of the midbrain that receives input from a number of cortical and subcortical structures. The dopaminergic cells of the substantia nigra send their output to the caudate or putamen. substantia nigra
0%
A component of the midbrain substantia nigra nucleus that plays a key role in the suppression and initiation of saccadic eye movements. substantia nigra pars reticulata (SNr)
0%
Any of the valleys that arise from the folding of the cerebral hemisphere between gyri. sulcus (pl. sulci)
0%
Paired structures that form part of the roof of the midbrain; important in orienting movements of the head and eyes. superior colliculi (sing. superior colliculus)
0%
A complex of brainstem nuclei in the primary auditory pathway. superior olivary complex
0%
A premotor area, lying anterior to the primary motor cortex on the medial surface of the cerebral hemisphere, that plays an important role in movement planning. supplementary motor cortex
0%
The focusing of attention on stimulus information across multiple modalities at the same time. supramodal attention
0%
Sometimes referred to as the “fight or flight” system. The component of the autonomic motor system that contributes to the mobilization of energy toprepare the body for action. sympathetic division
0%
Having feelings of pity or concern for another individual’s plight without experiencing the same feelings expressed by that individual. sympathy
0%
The small space between a presynaptic and postsynaptic element across which neurotransmitters must diffuse when released. synaptic cleft
0%
Memory consolidation involving changes in synapses that presumably allow the persistence of some forms of memory traces at the cellular level. synaptic consolidation
0%
A membrane potential change (or a conductance change) generated by the action of a chemical transmitter agent. synaptic potential
0%
The organelle at a synaptic ending that contains neurotransmitter agents. synaptic vesicle
0%
The elaboration of synapses during neural development. synaptogenesis
0%
The way in which words are combined to form sentences or phrases. syntax
0%
Memory consolidation involving a reorganization of the brain regions that support the memory in question. system consolidation
0%
The sensory modality comprising the perception of substances placed in the mouth. taste
0%
An onion-shaped structure in the mouth or pharynx that contains taste cells. taste bud
0%
The central gray matter of the brainstem. tegmentum
0%
A disposition to react to emotional situations either positively or negatively. temperament
0%
A form of learning that modulates behavior according to the difference between an obtained reward and an estimate, compiled over the recent past, of an expected reward. temporal difference learning
0%
The reduction in the desirability of an outcome based on the delay in time until it will be delivered. temporal discounting
0%
A region of the neocortex that includes the posterior portion of the superior temporal gyrus and the angular gyrus of the parietal lobe. temporoparietal junction
0%
A collection of nuclei that forms the major component of the diencephalon. Has many functions; a primary role is to relay sensory information from theperiphery to the cerebral cortex. thalamus
0%
The midline component of the ventricular system at the level of the diencephalon. third ventricle
0%
The membrane potential at which a nerve cell fires an action potential. threshold potential
0%
The quality of sound by which stimuli that elicit the same pitch and loudness are distinguished; often taken to arise from the distribution of power in the waveform, as opposed to its periodicity. timbre
0%
Pertaining to a sound stimulus that, by virtue of its periodic repetition, produces the perception of a tone. tonal
0%
The sound heard in response to a particular frequency of vibration or combination of vibrations that are strongly periodic. tone
0%
The central arrangement of tone analysis in the auditory system that roughly corresponds to the peripheral responsiveness of the basilar membrane. tonotopic organization
0%
The specification of spatial relationships in the retina and in other stations of the primary visual pathway. topographical mapping
0%
In vision, the study of spatial relationships at different levels of the primary visual pathway. topography
0%
A form of classical conditioning in which there is a brief time interval between the end of the conditioned stimulus and the start of the unconditioned stimulus. trace conditioning
0%
A major white matter (axonal) pathway in the brain. tract
0%
A method in which a rapidly changing, strong magnetic field is generated next to the skull, thereby delivering transient electrical stimulation to the underlying cortex; the electrical stimulation typically disrupts the local cortical activity, thereby enabling inferences concerning the cognitive function(s) in which that brain area is involved. transcranial magnetic stimulation (TMS)
0%
The hypothesis that memory performance depends on a match between the conditions surrounding the encoding and retrieval of a stimulus. transfer-appropriate processing
0%
The percentage of light energy that reaches a detector when passed through a filter. transmittance
0%
A single occurrence of an experimental event in a study. trial
0%
A person or other animal whose color vision depends on three retinal cone types that absorb long, medium, and short wavelengths of light, respectively. trichromat
0%
The chemosensory system that responds to irritating chemicals that enter the nose or mouth. trigeminal chemosensory system
0%
The function obtained when a neuron’s receptive field is tested with stimuli at different orientations; its peak defines the maximum sensitivity of the neuron in question. tuning curve
0%
The eardrum. tympanic membrane
0%
In classical conditioning, the innate reflex that is naturally triggered by a particular stimulus. unconditioned response (UR)
0%
Part of the cerebral cortex near the hippocampus and associated with hippocampal function. uncus
0%
A neuron that gives rise to a descending projection that controls the activity of lower motor neurons in the brainstem and spinal cord. upper motor neuron
0%
A rare, congenital dermatological disease that occasionally produces calcifications in temporal lobe structures. Urbach-Wiethe syndrome
0%
The personal worth associated with a good; may deviate from the stated value of that good depending on an individual’s preferences, biases, or current state. utility
0%
An area of extrastriate visual cortex that is probably important in color vision, although it processes other information as well. V4
0%
The degree of pleasantness of a stimulus. valence
0%
A hypothesis postulating that positive emotions are preferentially processed in the left hemisphere and negative emotions are preferentially processed in the right hemisphere. valence hypothesis
0%
A way to graphically represent the relationships among emotions by ordering them along two orthogonal axes of positive and negative valence. vector model
0%
The ventral portion of the spinal cord gray matter, which contains the primary motor neurons. ventral horn
0%
A group of thalamic nuclei that receives the somatosensory projections from the dorsal column nuclei and the trigeminal nuclear complex. ventral posterior nuclear complex
0%
A partially segregated visual processing pathway passing from the primary visual cortex toward the temporal lobe that is especially pertinent to object recognition. ventral stream
0%
The portion of the ventral caudate and putamen that encompasses the nucleus accumbens. ventral striatum
0%
A part of the midbrain that contains many dopaminergic neurons and is important for reward and learning. ventral tegmental area (VTA)
0%
A functional division of the prefrontal cortex roughly corresponding to the inferior frontal gyrus and surrounding sulci, as located anterior to motor cortex. ventrolateral prefrontal cortex
0%
The ventral portion of the prefrontal cortex surrounding the hemispheric midline; plays a key role in the control of emotions and social behavior. ventromedial prefrontal cortex
0%
A model of emotion that integrates cortical, subcortical, and visceral processes. vertical integration model
0%
The searching in a visual scene with multiple stimulus items for a particular type of item possessing one or more specific feature attributes. visual search
0%
Attention directed to a location in visual space. visual spatial attention
0%
Pertaining to a speech sound stimulus characterized by laryngeal harmonics-typically a vowel sound. voiced
0%
The degree to which the rules governing environmental events. volatility
0%
Typically a voiced (tonal) element of speech that forms the nucleus of syllables. vowel
0%
The state in which one is not asleep. wakefulness
0%
The principle that the just-noticeable difference in a stimulus increment is a constant fraction (the Weber fraction) of the stimulus. Weber-Fechner law
0%
An area of cortex in the superior and posterior region of the left temporal lobe that helps mediate language comprehension. Wernicke’s area
0%
The large axon tracts in the brain and spinal cord; these tracts have a whitish cast when viewed in freshly cut material. white matter
0%
A cognitive test that involves classifying a set of cards, each showing one or more images of a simple shape, into categories based on rules that periodically change throughout the session. Wisconsin Card Sorting Test
0%
Memory held briefly in the mind that enables completion of a particular task. working memory
0%
No matching quizzes found
Score Distribution
Percent of People with Each Score
Percentile by Number Answered
Your Score History
You have not taken this quiz